000 00948nam a22003017a 4500
001 BR0102517
003 BR-BrBNA
005 20230928100908.0
007 ta
008 230509b bl.||||| |||| 00| 0 por d
040 _aBR-BrBNA
_bpor
_cBiblioteca Nacional de Agricultura
041 _a(Por)
072 _aL73; L70
_b5400
_b4150
090 _ 5400 BR0102517
100 1 _aRegina, M.
110 1 _aUniversidade Federal de Minas Gerais, Belo Horizonte (Brasil). Escola de Veterinaria
_0Tese (Mestre em Medicina Veterinaria)
245 1 _aProducao de antigenos virais para a deteccao de anticorpos contra o virus da cinomose em caes
260 3 _aBelo Horizonte, MG (Brasil):
_c1998.
300 _a53 p.
500 _aSummaries (Eng, Por); 45 ref.; 6 illus.; 5 tables
650 _aCao
650 _aVirus
650 _aCinomose
650 _aAntigeno
650 _aAnticorpo
909 _a202309
_bLucia
_c55
_dLucia Elande
942 _cBK
999 _c63296
_d63296